'Do not travel' countries for Australian Citizens - Statistics

General Stats
  • This quiz has been taken 146 times
    84 since last reset
  • The average score is 18 of 23
Answer Stats
Answer % Correct
Iran
97%
Russia
97%
Iraq
95%
Ukraine
92%
Haiti
86%
Syria
86%
Belarus
81%
Afghanistan
80%
Yemen
80%
Sudan
78%
Lebanon
76%
North Korea
76%
South Sudan
76%
Venezuela
76%
Chad
73%
Democratic Republic of the Congo
73%
Somalia
71%
Central African Republic
69%
Mali
68%
Myanmar
68%
Niger
61%
Burkina Faso
56%
Libya
56%
No matching quizzes found
Score Distribution
Percent of People with Each Score
Percentile by Number Answered
Your Score History
You have not taken this quiz since the last reset